[Event "Nuremberg LGA Cup 2nd"]
[Site "Nuremberg"]
[Date "2005.09.08"]
[Round "1.36"]
[White "Noeckler, Alexander"]
[Black "Kuhlmann, Andreas"]
[Result "1-0"]
[WhiteElo "1827"]
[BlackElo "1545"]
[PlyCount "53"]
[EventDate "2005.09.08"]
[EventType "swiss"]
[EventRounds "7"]
[EventCountry "GER"]
[SourceTitle "EXT 2022"]
[Source "ChessBase"]
[SourceDate "2021.10.06"]
[SourceVersion "1"]
[SourceVersionDate "2021.10.06"]
[SourceQuality "1"]

1. c4 e5 2. Nc3 Nf6 3. Nf3 Nc6 4. g3 Bc5 5. Bg2 0-0 6. 0-0 Re8 7. d3 h6 8. a3 a5 9. Qc2 d5 10. cxd5 Nxd5 11. Nxd5 Qxd5 12. d4 exd4 13. Ng5 Bf5 14. Qa4 Qd6 15. Bf4 Qf6 16. Nf3 Rxe2 17. Qb5 Qe7 18. Qxb7 Qe8 19. Rac1 Rb8 20. Qa6 Rb6 21. Qc4 Bd6 22. Bxd6 cxd6 23. b4 axb4 24. axb4 Qe6 25. Qxe6 Bxe6 26. Rxc6 Rxb4 27. Rxd6 1-0